| 000 | nam a22 7a 4500 | ||
|---|---|---|---|
| 999 |
_c331073 _d331073 |
||
| 003 | NUST | ||
| 005 | 20170830144337.0 | ||
| 008 | 170830b xxu||||| |||| 00| 0 eng d | ||
| 040 | _cNust | ||
| 082 |
_a398.4 _bMUR |
||
| 100 |
_aGhulam Murtaza _94499 |
||
| 245 |
_aPunjab ki lok kahanian / _cby Ghulam Murtaza |
||
| 260 |
_aLahore: _bMaqbool academy, _c2012 |
||
| 300 | _a195 p. | ||
| 650 |
_aPunjab- Folklore _94500 |
||
| 880 |
_6100-01\(3\r _aغلام مرتضیٰ |
||
| 880 |
_6245-02\(3\r _aپنجاب کی لوک کہانیاں _cغلام مرتضیٰ |
||
| 880 |
_6260-03\(3\r _aلاہور: _bمقبول اکیڈیمی _c2012 |
||
| 942 |
_2ddc _cBK |
||